[Event "Challenge"]
[Site "http://www.queenalice.com/game.php?id=516147"]
[Date "2009.1.2"]
[Round "-"]
[White "alib2004"]
[Black "mufra22"]
[Result "0-1"]
[WhiteElo "2025"]
[BlackElo "1982"]

1. d3 c5 2. e4 Nc6 3. Nf3 d6 4. Bg5 h6 5. Bh4 Bd7 6. Be2 Qb6 7. b3 g5 8. Bg3 Bg7
9. c3 O-O-O 10. Qc2 e5 11. Nbd2 g4 12. Nh4 Nge7 13. f3 gxf3 14. Nhxf3 f5 15. Bf2
fxe4 16. dxe4 Rdg8 17. Rb1 Ng6 18. b4 Qc7 19. bxc5 dxc5 20. Bxc5 Nf4 21. g3 Nxe2
22. Kxe2 Bf8 23. Bxf8 Rxf8 24. Rhf1 Bg4 25. Ke3 Rf7 26. Qb3 Rhf8 27. a4 Qd6 28.
Nc4 Qc5+ 29. Kd2 Rd7+ 30. Kc2 Bxf3 31. a5 Bxe4+ 0-1

[Event "Challenge"]
[Site "http://www.queenalice.com/game.php?id=516148"]
[Date "2009.1.2"]
[Round "-"]
[White "mufra22"]
[Black "alib2004"]
[Result "0-1"]
[WhiteElo "1983"]
[BlackElo "2002"]

1. e4 c5 2. Nf3 d6 3. d4 cxd4 4. Nxd4 Nf6 5. Nc3 a6 6. f4 e5 7. Nb3 exf4 8. Bxf4
Nc6 9. Qd2 Be7 10. O-O-O O-O 11. Be2 b5 12. Bxd6 Bxd6 13. Qxd6 Qxd6 14. Rxd6 Bb7
15. Nc5 Nd8 16. Rxd8 Raxd8 17. Nxb7 Rd7 18. Nc5 Re7 19. Bf3 b4 20. Nd5 Nxd5 21.
exd5 Rd8 22. Nxa6 Rb7 23. Re1 g6 24. Re4 b3 25. c3 bxa2 26. Ra4 Ra7 27. Rxa2
Rda8 28. Be2 Kf8 29. Kc2 Ke7 30. Bc4 f5 31. Nb4 Rxa2 32. Nxa2 Kd6 33. b4 h5 34.
Kd3 g5 35. Bb3 h4 36. c4 g4 37. c5+ Ke5 38. d6 f4 39. d7 g3 40. h3 f3 0-1

[Event "AUTO-ADV-959"]
[Site "http://www.queenalice.com/game.php?id=517171"]
[Date "2009.1.4"]
[Round "2"]
[White "beckhamf2000"]
[Black "alib2004"]
[Result "1-0"]
[WhiteElo "2311"]
[BlackElo "2026"]

1. e4 c5 2. Nf3 Nc6 3. d4 cxd4 4. Nxd4 e6 5. Nb5 d6 6. Bf4 a6 7. Nxd6+ Bxd6 8.
Bxd6 Nge7 9. Nc3 O-O 10. Qd2 Qb6 11. Na4 Qd4 12. Qxd4 Nxd4 13. Bxe7 Nxc2+ 14.
Kd2 Nxa1 15. Bxf8 Kxf8 16. Nb6 Rb8 17. Bc4 e5 18. Rxa1 Bg4 19. Rc1 Rd8+ 20. Bd5
f5 21. f3 Bh5 22. Rc7 fxe4 23. fxe4 Bg6 24. Ke3 Rd6 25. Nd7+ 1-0

[Event "AUTO-ADV-959"]
[Site "http://www.queenalice.com/game.php?id=517172"]
[Date "2009.1.4"]
[Round "2"]
[White "alib2004"]
[Black "beckhamf2000"]
[Result "0-1"]
[WhiteElo "2071"]
[BlackElo "2309"]

1. e4 e5 2. Nf3 Nc6 3. Bc4 Bc5 4. O-O Nf6 5. c3 Nxe4 6. d4 exd4 7. cxd4 d5 8.
dxc5 dxc4 9. Qe2 Qd3 10. Re1 f5 11. Nc3 O-O 12. Nxe4 fxe4 13. Qxe4 Bf5 14. Qxd3
cxd3 15. a3 Bg4 16. Re3 Bxf3 17. Rxf3 Rxf3 18. gxf3 Nd4 19. Kg2 Nb3 20. Rb1 d2
0-1

[Event "AUTO-ADV-959"]
[Site "http://www.queenalice.com/game.php?id=517177"]
[Date "2009.1.4"]
[Round "2"]
[White "alib2004"]
[Black "kasparosaure"]
[Result "1-0"]
[WhiteElo "2060"]
[BlackElo "1935"]

1. c4 c6 2. d4 d5 3. cxd5 cxd5 4. Nc3 g6 5. Bg5 Bg7 6. e3 a6 7. Qf3 Be6 8. Nh3
Nf6 9. Bxf6 Bxf6 10. Nf4 Nc6 11. Nxe6 fxe6 12. Qh3 Qd6 13. Be2 O-O 14. O-O Rac8
15. Rac1 e5 16. dxe5 Bxe5 17. Bf3 e6 18. Rfd1 Qe7 19. Bg4 Rf6 20. Nxd5 exd5 21.
Rxd5 Rcf8 22. Rd7 Qb4 23. Qxh7# 1-0

[Event "AUTO-ADV-959"]
[Site "http://www.queenalice.com/game.php?id=517178"]
[Date "2009.1.4"]
[Round "2"]
[White "kasparosaure"]
[Black "alib2004"]
[Result "0-1"]
[WhiteElo "1928"]
[BlackElo "2001"]

1. g3 d5 2. Bg2 e5 3. d3 Nf6 4. Nf3 Nc6 5. a3 Bc5 6. b4 Bb6 7. O-O O-O 8. Bg5 h6
9. Bxf6 Qxf6 10. Nbd2 Qd6 11. c4 dxc4 12. Nxc4 Qf6 13. Nxb6 axb6 14. Nd2 Be6 15.
Rc1 Bd7 16. Ne4 Qe7 17. Rc3 Ra7 18. Qc1 Rfa8 19. f4 exf4 20. Qxf4 Nd4 21. Qf2
Nb5 22. Rcc1 Rxa3 23. Nd2 Bc6 24. Bxc6 bxc6 25. Rxc6 Ra1 26. Qf3 Nd4 27. Qg2
Qe3+ 28. Qf2 Nxe2+ 29. Kg2 Qxf2+ 30. Rxf2 Rg1+ 31. Kh3 Nd4 32. Rxc7 f6 33. Nc4
b5 34. Nd6 Ra4 35. Rc8+ Kh7 36. Nf7 Ne6 37. Re2 Ng5+ 38. Nxg5+ hxg5 39. Rb2 f5
40. Rc5 g6 41. Rxb5 Kh6 42. Rb6 Kh5 43. Rxg6 g4+ 0-1

[Event "Challenge"]
[Site "http://www.queenalice.com/game.php?id=559991"]
[Date "2009.3.22"]
[Round "-"]
[White "jnable"]
[Black "alib2004"]
[Result "1/2-1/2"]
[WhiteElo "1999"]
[BlackElo "2014"]

1. e4 c5 2. Nf3 d6 3. Bb5+ Nc6 4. d4 cxd4 5. Nxd4 Bd7 6. Nxc6 bxc6 7. Bc4 e5 8.
Nc3 Nf6 9. Bg5 Be7 10. O-O h6 11. Bxf6 Bxf6 12. Qxd6 Be7 13. Qd2 O-O 14. Rad1
Bg4 15. f3 Bh5 16. Bb3 Bg5 17. Qe2 Qb6+ 18. Kh1 Kh8 19. Na4 Qc7 20. Nc5 Rad8 21.
Rxd8 Rxd8 22. Rd1 Rd4 23. c3 Rxd1+ 24. Qxd1 Be3 25. Nd3 Qd7 26. Nf2 1/2-1/2

[Event "Challenge"]
[Site "http://www.queenalice.com/game.php?id=564562"]
[Date "2009.3.31"]
[Round "-"]
[White "jnable"]
[Black "alib2004"]
[Result "1-0"]
[WhiteElo "2005"]
[BlackElo "2017"]

1. e4 c5 2. Nf3 Nc6 3. Bb5 d6 4. c3 e5 5. d4 cxd4 6. cxd4 exd4 7. Nxd4 Bd7 8.
Nxc6 bxc6 9. Bc4 Qa5+ 10. Bd2 Qe5 11. Nc3 Nf6 12. O-O Qd4 13. Qe2 Be7 14. Be3
Qe5 15. Rad1 Nxe4 16. Bd4 Nxc3 17. Bxc3 Qg5 18. Rfe1 Bh3 19. g3 d5 20. f4 Bg4
21. fxg5 Bxe2 22. Rxe2 Rc8 23. Bb3 Rc7 24. Bxg7 Rg8 25. Bf6 Kd8 26. Rxe7 Rxe7
27. Re1 1-0

[Event "AUTO-ADV-1010"]
[Site "http://www.queenalice.com/game.php?id=579985"]
[Date "2009.4.29"]
[Round "2"]
[White "simon_p"]
[Black "alib2004"]
[Result "0-1"]
[WhiteElo "1956"]
[BlackElo "2021"]

1. e4 c5 2. Nf3 Nc6 3. Nc3 d6 4. d4 cxd4 5. Nxd4 e6 6. Bb5 Bd7 7. Nxc6 bxc6 8.
Be2 g6 9. Qd4 e5 10. Qc4 Bg7 11. Be3 Ne7 0-1

[Event "AUTO-ADV-1010"]
[Site "http://www.queenalice.com/game.php?id=579986"]
[Date "2009.4.29"]
[Round "2"]
[White "alib2004"]
[Black "simon_p"]
[Result "1-0"]
[WhiteElo "2034"]
[BlackElo "1943"]

1. e4 e5 2. Nf3 Nc6 3. Bc4 Nf6 4. d3 d6 5. Nc3 Na5 6. Bb3 Nxb3 7. axb3 Be7 8.
Be3 Ng4 9. Bxa7 b6 10. Nd5 Bb7 11. h3 Bxd5 12. exd5 1-0

[Event "AUTO-ADV-1010"]
[Site "http://www.queenalice.com/game.php?id=579991"]
[Date "2009.4.29"]
[Round "2"]
[White "alib2004"]
[Black "razoman"]
[Result "1-0"]
[WhiteElo "2023"]
[BlackElo "1868"]

1. e4 c5 2. Nf3 Nc6 3. Bc4 e6 4. Qe2 a6 5. a4 d6 6. O-O Nf6 7. c3 Be7 8. d4 cxd4
9. cxd4 O-O 10. Nc3 Bd7 11. Be3 Nb4 12. Qd2 Nxe4 13. Nxe4 d5 14. Nc5 Bxc5 15.
dxc5 Qa5 16. Be2 Rac8 17. Rfc1 Nc6 18. Qxa5 Nxa5 19. b4 Nb3 20. b5 Nxa1 21. Rxa1
axb5 22. axb5 Ra8 23. Rb1 Ra2 24. Bf1 Rfa8 25. Ne5 Bc8 26. c6 bxc6 27. Nxc6 Bb7
28. h3 Bxc6 29. bxc6 Kf8 30. Bf4 Ke8 31. c7 Rc8 32. Rb8 Ra8 33. Ba6 f6 34. Bxc8
Ra1+ 35. Kh2 e5 36. Bb7+ 1-0

[Event "AUTO-ADV-1010"]
[Site "http://www.queenalice.com/game.php?id=579992"]
[Date "2009.4.29"]
[Round "2"]
[White "razoman"]
[Black "alib2004"]
[Result "0-1"]
[WhiteElo "1887"]
[BlackElo "2033"]

1. e4 c5 2. Nf3 Nc6 3. Bb5 d6 4. h3 e6 5. O-O Be7 6. d4 cxd4 7. Nxd4 Bd7 8. Nxc6
bxc6 9. Bd3 Bf6 10. Nc3 Qc7 11. Bd2 Ne7 12. Qe2 O-O 13. Rab1 e5 14. Nd1 Ng6 15.
c4 Be7 16. b4 f5 17. exf5 Bxf5 18. Bxf5 Rxf5 19. Ne3 Rf7 20. Ng4 Raf8 21. Be3 d5
22. cxd5 cxd5 23. Rbc1 Qb8 24. Bc5 Nf4 25. Qd1 Bxc5 26. bxc5 Qb5 27. Re1 e4 28.
c6 Nd3 29. c7 Rc8 30. Rb1 Qc6 31. Re3 Rfxc7 32. Qb3 Kh8 33. Rxd3 exd3 34. Qxd3
Qc2 35. Qxc2 Rxc2 36. Ne3 Rc1+ 37. Rxc1 Rxc1+ 38. Kh2 d4 39. Nd5 d3 0-1

[Event "AUTO-ADV-1010"]
[Site "http://www.queenalice.com/game.php?id=579993"]
[Date "2009.4.29"]
[Round "2"]
[White "alib2004"]
[Black "mustangmike"]
[Result "0-1"]
[WhiteElo "1966"]
[BlackElo "1918"]

1. e4 e5 2. Nf3 d6 3. Bc4 h6 4. O-O Nf6 5. Re1 Be7 6. c3 O-O 7. d4 exd4 8. cxd4
c6 9. Nc3 b5 10. Bb3 Nh7 11. d5 Ba6 0-1

[Event "AUTO-ADV-1010"]
[Site "http://www.queenalice.com/game.php?id=579994"]
[Date "2009.4.29"]
[Round "2"]
[White "mustangmike"]
[Black "alib2004"]
[Result "1-0"]
[WhiteElo "1899"]
[BlackElo "1985"]

1. e4 c5 2. Nf3 Nc6 3. Bc4 e6 4. d3 d6 5. Be3 Be7 6. Nc3 Nf6 7. O-O d5 8. exd5
exd5 9. Bb3 d4 10. Bxd4 Nxd4 11. Ba4+ Bd7 12. Bxd7+ Qxd7 13. h3 1-0

[Event "SA team"]
[Site "http://www.queenalice.com/game.php?id=588735"]
[Date "2009.5.15"]
[Round "5"]
[White "FeralPawn"]
[Black "alib2004"]
[Result "1-0"]
[WhiteElo "1887"]
[BlackElo "2043"]

1. e4 c5 2. b4 cxb4 3. a3 e5 4. Nf3 Nc6 5. axb4 Bxb4 6. c3 Ba5 7. Ba3 Nge7 8.
Nxe5 Bb6 9. Nc4 O-O 10. d4 Re8 11. Bd3 Ng6 12. Nd6 Re7 13. Nxc8 Rxc8 14. Bxe7
Ncxe7 15. O-O Nf4 16. Na3 Rxc3 17. Bc4 d5 18. exd5 Nexd5 19. Qg4 h5 20. Qf5 Bxd4
21. Rfd1 g6 22. Qe4 f5 23. Qxd4 Qg5 24. Bxd5+ Kh7 25. Kh1 1-0

[Event "Challenge"]
[Site "http://www.queenalice.com/game.php?id=588991"]
[Date "2009.5.16"]
[Round "-"]
[White "joey30"]
[Black "alib2004"]
[Result "1-0"]
[WhiteElo "1969"]
[BlackElo "2002"]

1. e4 c5 2. Nf3 d6 3. Bc4 e6 4. Nc3 Nc6 5. O-O Nf6 6. d3 Be7 7. a3 O-O 8. Be3 d5
9. exd5 exd5 10. Bb5 d4 11. Bxc6 bxc6 12. Bxd4 cxd4 13. Ne2 c5 14. Qd2 Bb7 15.
Ng3 Bxf3 16. gxf3 Qd5 17. Kg2 Rab8 18. b3 Nh5 19. Nxh5 Qxh5 20. Qf4 Bg5 21. Qg4
Qxg4+ 22. fxg4 f5 23. gxf5 Rxf5 24. Rae1 Rbf8 25. Re4 1-0

[Event "Challenge"]
[Site "http://www.queenalice.com/game.php?id=588992"]
[Date "2009.5.16"]
[Round "-"]
[White "alib2004"]
[Black "joey30"]
[Result "0-1"]
[WhiteElo "2021"]
[BlackElo "1950"]

1. e4 Nc6 2. Nf3 e5 3. Bc4 h6 4. O-O d6 5. c3 Nf6 6. Re1 Be7 7. d4 exd4 8. cxd4
O-O 9. d5 Ne5 10. Nxe5 dxe5 11. Nc3 Bd6 12. b3 Bg4 13. f3 Bd7 14. Be3 a6 15. a4
Bb4 16. Bd2 Nh5 17. Qc1 Qh4 18. Ne2 Bd6 19. Rf1 f5 20. exf5 Bxf5 21. Be3 e4 22.
f4 Bg4 23. Qd2 g5 24. Bf2 Ng3 0-1

[Event "AUTO-MASTER-824"]
[Site "http://www.queenalice.com/game.php?id=601228"]
[Date "2009.6.10"]
[Round "1"]
[White "cassy"]
[Black "alib2004"]
[Result "1-0"]
[WhiteElo "2138"]
[BlackElo "2033"]

1. d4 g6 2. e4 Bg7 3. Nc3 c6 4. Be3 e5 5. Nf3 exd4 6. Bxd4 Nf6 7. Bd3 O-O 8. O-O
d6 9. h3 Be6 10. e5 dxe5 11. Bxe5 Nbd7 12. Bh2 Nc5 13. Be2 1-0

[Event "AUTO-MASTER-824"]
[Site "http://www.queenalice.com/game.php?id=601229"]
[Date "2009.6.10"]
[Round "1"]
[White "alib2004"]
[Black "cassy"]
[Result "0-1"]
[WhiteElo "2046"]
[BlackElo "2128"]

1. e4 c6 2. Nc3 d5 3. exd5 cxd5 4. d4 Nf6 5. Be2 Bf5 6. Nf3 e6 7. Bg5 Be7 8. Ne5
O-O 9. g4 Bg6 10. h4 h6 11. Nxg6 fxg6 12. Be3 Nfd7 13. Qd2 Bxh4 14. O-O-O Bxf2
15. Bxh6 Bh4 0-1

[Event "AUTO-MASTER-824"]
[Site "http://www.queenalice.com/game.php?id=601240"]
[Date "2009.6.10"]
[Round "1"]
[White "schogun"]
[Black "alib2004"]
[Result "1-0"]
[WhiteElo "2105"]
[BlackElo "1948"]

1. c4 e5 2. g3 d5 3. cxd5 Nf6 4. Nc3 Nxd5 5. Bg2 Nxc3 6. bxc3 Bd7 7. Bxb7 Bc6 8.
Bxa8 Bxa8 9. Nf3 Qd7 10. Nxe5 Qb5 11. Nf3 1-0

[Event "AUTO-MASTER-824"]
[Site "http://www.queenalice.com/game.php?id=601241"]
[Date "2009.6.10"]
[Round "1"]
[White "alib2004"]
[Black "schogun"]
[Result "0-1"]
[WhiteElo "1948"]
[BlackElo "2116"]

1. e4 c5 2. Nf3 Nc6 3. Bc4 e6 4. Nc3 Nf6 5. O-O d5 6. exd5 exd5 7. Re1+ Be7 8.
Bb5 O-O 9. Bxc6 bxc6 10. d4 Re8 11. Be3 cxd4 12. Nxd4 Bd7 0-1

[Event "AUTO-MASTER-824"]
[Site "http://www.queenalice.com/game.php?id=601248"]
[Date "2009.6.10"]
[Round "1"]
[White "alib2004"]
[Black "gipmachado"]
[Result "0-1"]
[WhiteElo "1948"]
[BlackElo "1879"]

1. e4 e5 2. Nf3 Nc6 3. Bc4 Bc5 4. O-O Nf6 5. Nc3 O-O 6. a3 d6 7. b4 Bb6 8. Bb2
Bg4 9. h3 Bh5 10. Nd5 Nxe4 11. Nxb6 axb6 0-1

[Event "AUTO-MASTER-824"]
[Site "http://www.queenalice.com/game.php?id=601249"]
[Date "2009.6.10"]
[Round "1"]
[White "gipmachado"]
[Black "alib2004"]
[Result "1-0"]
[WhiteElo "1898"]
[BlackElo "1929"]

1. e4 c5 2. Nf3 Nc6 3. d4 cxd4 4. Nxd4 e6 5. Nc3 Bb4 6. Nb5 Bxc3+ 7. Nxc3 Nge7
8. Be3 O-O 9. Be2 a6 10. O-O Ng6 11. Qd2 1-0